<?xml version="1.0" encoding="UTF-8"?>
<record
    xmlns:xsi="http://www.w3.org/2001/XMLSchema-instance"
    xsi:schemaLocation="http://www.loc.gov/MARC21/slim http://www.loc.gov/standards/marcxml/schema/MARC21slim.xsd"
    xmlns="http://www.loc.gov/MARC21/slim">

  <leader>00855nam a22002057a 4500</leader>
  <controlfield tag="005">20180801120911.0</controlfield>
  <datafield tag="010" ind1=" " ind2=" ">
    <subfield code="a">1718EN-30  B-688783-794  ENG-123797</subfield>
  </datafield>
  <datafield tag="020" ind1=" " ind2=" ">
    <subfield code="a">9789380710679</subfield>
    <subfield code="c">375.00</subfield>
  </datafield>
  <datafield tag="035" ind1=" " ind2=" ">
    <subfield code="a">B-688783-794  EN-107329</subfield>
  </datafield>
  <datafield tag="037" ind1=" " ind2=" ">
    <subfield code="b">Wisdom Village </subfield>
    <subfield code="a">dpl</subfield>
  </datafield>
  <datafield tag="037" ind1=" " ind2=" ">
    <subfield code="b">DBAD/PUB.</subfield>
  </datafield>
  <datafield tag="082" ind1=" " ind2=" ">
    <subfield code="a">332.024</subfield>
  </datafield>
  <datafield tag="100" ind1=" " ind2=" ">
    <subfield code="a">Kulkarni, Ranjit </subfield>
  </datafield>
  <datafield tag="245" ind1=" " ind2=" ">
    <subfield code="a">Path to financial independence :</subfield>
    <subfield code="c">by Ranjit Kulkarni </subfield>
    <subfield code="b">simple strategies for the individual investor / </subfield>
  </datafield>
  <datafield tag="260" ind1=" " ind2=" ">
    <subfield code="a">Gurgaon</subfield>
    <subfield code="b">Wisdom Village (Publication Division)</subfield>
    <subfield code="c">2015</subfield>
  </datafield>
  <datafield tag="270" ind1=" " ind2=" ">
    <subfield code="a">649,O4U, Udyog Vihar, Phase V,</subfield>
    <subfield code="b">Gurgaon, Haryana</subfield>
    <subfield code="e">122001</subfield>
  </datafield>
  <datafield tag="300" ind1="2" ind2=" ">
    <subfield code="a">332p.  </subfield>
    <subfield code="c">22cm(pbk) </subfield>
  </datafield>
  <datafield tag="942" ind1=" " ind2=" ">
    <subfield code="2">ddc</subfield>
    <subfield code="c">EN</subfield>
    <subfield code="m">KUL</subfield>
    <subfield code="h">332.024</subfield>
  </datafield>
  <datafield tag="999" ind1=" " ind2=" ">
    <subfield code="c">146161</subfield>
    <subfield code="d">146161</subfield>
  </datafield>
  <datafield tag="952" ind1=" " ind2=" ">
    <subfield code="0">0</subfield>
    <subfield code="1">0</subfield>
    <subfield code="4">0</subfield>
    <subfield code="7">0</subfield>
    <subfield code="8">NFIC</subfield>
    <subfield code="a">L</subfield>
    <subfield code="b">L</subfield>
    <subfield code="d">2018-06-12</subfield>
    <subfield code="e">Technical Bureau &#x2013;TB6227/5.12.17/521/20.11.17/15.1.18</subfield>
    <subfield code="g">375.00</subfield>
    <subfield code="l">9</subfield>
    <subfield code="m">4</subfield>
    <subfield code="o">332.024 KUL</subfield>
    <subfield code="p">B-688783</subfield>
    <subfield code="r">2022-12-10 00:00:00</subfield>
    <subfield code="s">2022-10-08</subfield>
    <subfield code="t">1</subfield>
    <subfield code="v">375.00</subfield>
    <subfield code="y">EN</subfield>
  </datafield>
  <datafield tag="952" ind1=" " ind2=" ">
    <subfield code="0">0</subfield>
    <subfield code="1">0</subfield>
    <subfield code="4">0</subfield>
    <subfield code="7">0</subfield>
    <subfield code="8">NFIC</subfield>
    <subfield code="a">AV</subfield>
    <subfield code="b">AV</subfield>
    <subfield code="d">2018-06-12</subfield>
    <subfield code="e">Technical Bureau &#x2013;TB6227/5.12.17/521/20.11.17/15.1.18</subfield>
    <subfield code="g">375.00</subfield>
    <subfield code="l">11</subfield>
    <subfield code="m">15</subfield>
    <subfield code="o">332.024 KUL</subfield>
    <subfield code="p">B-688784</subfield>
    <subfield code="r">2021-11-23 00:00:00</subfield>
    <subfield code="s">2021-11-10</subfield>
    <subfield code="t">1</subfield>
    <subfield code="v">375.00</subfield>
    <subfield code="y">EN</subfield>
  </datafield>
  <datafield tag="952" ind1=" " ind2=" ">
    <subfield code="0">0</subfield>
    <subfield code="1">0</subfield>
    <subfield code="4">0</subfield>
    <subfield code="7">0</subfield>
    <subfield code="8">NFIC</subfield>
    <subfield code="a">BL1</subfield>
    <subfield code="b">BL1</subfield>
    <subfield code="d">2018-06-12</subfield>
    <subfield code="e">Technical Bureau &#x2013;TB6227/5.12.17/521/20.11.17/15.1.18</subfield>
    <subfield code="g">375.00</subfield>
    <subfield code="l">20</subfield>
    <subfield code="m">4</subfield>
    <subfield code="o">332.024 KUL</subfield>
    <subfield code="p">B-688785</subfield>
    <subfield code="r">2024-08-06 00:00:00</subfield>
    <subfield code="s">2024-07-05</subfield>
    <subfield code="t">1</subfield>
    <subfield code="v">375.00</subfield>
    <subfield code="y">EN</subfield>
  </datafield>
  <datafield tag="952" ind1=" " ind2=" ">
    <subfield code="0">0</subfield>
    <subfield code="1">0</subfield>
    <subfield code="4">0</subfield>
    <subfield code="7">0</subfield>
    <subfield code="8">NFIC</subfield>
    <subfield code="a">KGM</subfield>
    <subfield code="b">KGM</subfield>
    <subfield code="d">2018-06-12</subfield>
    <subfield code="e">Technical Bureau &#x2013;TB6227/5.12.17/521/20.11.17/15.1.18</subfield>
    <subfield code="g">375.00</subfield>
    <subfield code="l">10</subfield>
    <subfield code="m">17</subfield>
    <subfield code="o">332.024 KUL</subfield>
    <subfield code="p">B-688786</subfield>
    <subfield code="r">2024-10-25 00:00:00</subfield>
    <subfield code="s">2024-10-07</subfield>
    <subfield code="t">1</subfield>
    <subfield code="v">375.00</subfield>
    <subfield code="y">EN</subfield>
  </datafield>
  <datafield tag="952" ind1=" " ind2=" ">
    <subfield code="0">0</subfield>
    <subfield code="1">0</subfield>
    <subfield code="4">0</subfield>
    <subfield code="7">0</subfield>
    <subfield code="8">NFIC</subfield>
    <subfield code="a">PR</subfield>
    <subfield code="b">PR</subfield>
    <subfield code="d">2018-06-12</subfield>
    <subfield code="e">Technical Bureau &#x2013;TB6227/5.12.17/521/20.11.17/15.1.18</subfield>
    <subfield code="g">375.00</subfield>
    <subfield code="l">3</subfield>
    <subfield code="m">5</subfield>
    <subfield code="o">332.024 KUL</subfield>
    <subfield code="p">B-688787</subfield>
    <subfield code="r">2024-10-05 00:00:00</subfield>
    <subfield code="s">2024-09-06</subfield>
    <subfield code="t">1</subfield>
    <subfield code="v">375.00</subfield>
    <subfield code="y">EN</subfield>
  </datafield>
  <datafield tag="952" ind1=" " ind2=" ">
    <subfield code="0">0</subfield>
    <subfield code="1">0</subfield>
    <subfield code="4">0</subfield>
    <subfield code="7">0</subfield>
    <subfield code="8">NFIC</subfield>
    <subfield code="a">TN</subfield>
    <subfield code="b">TN</subfield>
    <subfield code="d">2018-06-12</subfield>
    <subfield code="e">Technical Bureau &#x2013;TB6227/5.12.17/521/20.11.17/15.1.18</subfield>
    <subfield code="g">375.00</subfield>
    <subfield code="l">0</subfield>
    <subfield code="o">332.024 KUL</subfield>
    <subfield code="p">B-688788</subfield>
    <subfield code="r">2018-06-12 00:00:00</subfield>
    <subfield code="t">1</subfield>
    <subfield code="v">375.00</subfield>
    <subfield code="y">EN</subfield>
  </datafield>
  <datafield tag="952" ind1=" " ind2=" ">
    <subfield code="0">0</subfield>
    <subfield code="1">0</subfield>
    <subfield code="4">0</subfield>
    <subfield code="7">0</subfield>
    <subfield code="8">NFIC</subfield>
    <subfield code="a">JP</subfield>
    <subfield code="b">JP</subfield>
    <subfield code="d">2018-06-12</subfield>
    <subfield code="e">Technical Bureau &#x2013;TB6227/5.12.17/521/20.11.17/15.1.18</subfield>
    <subfield code="g">375.00</subfield>
    <subfield code="l">12</subfield>
    <subfield code="m">7</subfield>
    <subfield code="o">332.024 KUL</subfield>
    <subfield code="p">B-688789</subfield>
    <subfield code="r">2022-01-21 00:00:00</subfield>
    <subfield code="s">2021-11-24</subfield>
    <subfield code="t">1</subfield>
    <subfield code="v">375.00</subfield>
    <subfield code="y">EN</subfield>
  </datafield>
  <datafield tag="952" ind1=" " ind2=" ">
    <subfield code="0">0</subfield>
    <subfield code="1">0</subfield>
    <subfield code="4">0</subfield>
    <subfield code="7">0</subfield>
    <subfield code="8">NFIC</subfield>
    <subfield code="a">ZLS</subfield>
    <subfield code="b">ZLS</subfield>
    <subfield code="d">2018-06-12</subfield>
    <subfield code="e">Technical Bureau &#x2013;TB6227/5.12.17/521/20.11.17/15.1.18</subfield>
    <subfield code="g">375.00</subfield>
    <subfield code="l">22</subfield>
    <subfield code="m">26</subfield>
    <subfield code="o">332.024 KUL</subfield>
    <subfield code="p">B-688790</subfield>
    <subfield code="q">2026-07-06</subfield>
    <subfield code="r">2026-06-22 17:04:31</subfield>
    <subfield code="s">2026-06-22</subfield>
    <subfield code="t">1</subfield>
    <subfield code="v">375.00</subfield>
    <subfield code="y">EN</subfield>
  </datafield>
  <datafield tag="952" ind1=" " ind2=" ">
    <subfield code="0">0</subfield>
    <subfield code="1">0</subfield>
    <subfield code="4">0</subfield>
    <subfield code="7">0</subfield>
    <subfield code="8">NFIC</subfield>
    <subfield code="a">NRR</subfield>
    <subfield code="b">NRR</subfield>
    <subfield code="d">2018-06-12</subfield>
    <subfield code="e">Technical Bureau &#x2013;TB6227/5.12.17/521/20.11.17/15.1.18</subfield>
    <subfield code="g">375.00</subfield>
    <subfield code="l">1</subfield>
    <subfield code="m">1</subfield>
    <subfield code="o">332.024 KUL</subfield>
    <subfield code="p">B-688791</subfield>
    <subfield code="r">2022-04-25 00:00:00</subfield>
    <subfield code="s">2022-03-24</subfield>
    <subfield code="t">1</subfield>
    <subfield code="v">375.00</subfield>
    <subfield code="y">EN</subfield>
  </datafield>
  <datafield tag="952" ind1=" " ind2=" ">
    <subfield code="0">0</subfield>
    <subfield code="1">0</subfield>
    <subfield code="4">0</subfield>
    <subfield code="7">0</subfield>
    <subfield code="8">NFIC</subfield>
    <subfield code="a">BKK</subfield>
    <subfield code="b">BKK</subfield>
    <subfield code="d">2018-06-12</subfield>
    <subfield code="e">Technical Bureau &#x2013;TB6227/5.12.17/521/20.11.17/15.1.18</subfield>
    <subfield code="g">375.00</subfield>
    <subfield code="l">0</subfield>
    <subfield code="o">332.024 KUL</subfield>
    <subfield code="p">B-688792</subfield>
    <subfield code="r">2018-06-12 00:00:00</subfield>
    <subfield code="t">1</subfield>
    <subfield code="v">375.00</subfield>
    <subfield code="y">EN</subfield>
  </datafield>
  <datafield tag="952" ind1=" " ind2=" ">
    <subfield code="0">0</subfield>
    <subfield code="1">0</subfield>
    <subfield code="4">0</subfield>
    <subfield code="7">0</subfield>
    <subfield code="8">NFIC</subfield>
    <subfield code="a">NR</subfield>
    <subfield code="b">NR</subfield>
    <subfield code="d">2018-06-12</subfield>
    <subfield code="e">Technical Bureau &#x2013;TB6227/5.12.17/521/20.11.17/15.1.18</subfield>
    <subfield code="g">375.00</subfield>
    <subfield code="l">0</subfield>
    <subfield code="o">332.024 KUL</subfield>
    <subfield code="p">B-688793</subfield>
    <subfield code="r">2018-06-12 00:00:00</subfield>
    <subfield code="t">1</subfield>
    <subfield code="v">375.00</subfield>
    <subfield code="y">EN</subfield>
  </datafield>
  <datafield tag="952" ind1=" " ind2=" ">
    <subfield code="0">0</subfield>
    <subfield code="1">0</subfield>
    <subfield code="4">0</subfield>
    <subfield code="7">0</subfield>
    <subfield code="8">NFIC</subfield>
    <subfield code="a">BN</subfield>
    <subfield code="b">BN</subfield>
    <subfield code="d">2018-06-12</subfield>
    <subfield code="e">Technical Bureau &#x2013;TB6227/5.12.17/521/20.11.17/15.1.18</subfield>
    <subfield code="g">375.00</subfield>
    <subfield code="l">1</subfield>
    <subfield code="o">332.024 KUL</subfield>
    <subfield code="p">B-688794</subfield>
    <subfield code="r">2019-02-28 00:00:00</subfield>
    <subfield code="s">2019-02-26</subfield>
    <subfield code="t">1</subfield>
    <subfield code="v">375.00</subfield>
    <subfield code="y">EN</subfield>
  </datafield>
  <datafield tag="952" ind1=" " ind2=" ">
    <subfield code="0">0</subfield>
    <subfield code="1">0</subfield>
    <subfield code="4">0</subfield>
    <subfield code="7">1</subfield>
    <subfield code="8">NFIC</subfield>
    <subfield code="a">DBAD</subfield>
    <subfield code="b">BL1</subfield>
    <subfield code="d">2018-08-01</subfield>
    <subfield code="e">DBAD/PUB</subfield>
    <subfield code="g">375.00</subfield>
    <subfield code="l">0</subfield>
    <subfield code="o">332.024 KUL</subfield>
    <subfield code="p">EN-107329</subfield>
    <subfield code="r">2018-08-01 00:00:00</subfield>
    <subfield code="t">1</subfield>
    <subfield code="v">375.00</subfield>
    <subfield code="y">EN</subfield>
  </datafield>
</record>
